| 000 | 00770nab a2200229u 4500 | ||
|---|---|---|---|
| 001 | 19407 | ||
| 003 | HDC | ||
| 007 | c| |||a|c|aaaa | ||
| 008 | 210228b20100913my ||||o |||| 00| 0 eng d | ||
| 040 | _aHDC | ||
| 245 | 0 | _aAustralia: Chooks' first Halal outlet takes franchise award | |
| 336 |
_atext _2rdacontent |
||
| 337 |
_acomputer _2rdamedia |
||
| 338 |
_aonline resource _2rdacarrier |
||
| 650 |
_aChooks' franchisees _917872 |
||
| 650 |
_aHalal method of cooking chicken _917873 |
||
| 710 | _aWall Street Journal/Business | ||
| 856 | _zRequest full-text at [email protected] | ||
| 942 | _2lcc | ||
| 942 | _cNEWS | ||
| 942 | _kNWS0 003566 | ||
| 999 |
_c16723 _d16723 |
||